LEADER 01243nam a2200205 i 4500 001 000000356621 003 CaOOAMICUS 005 20240104154058.0 008 240104s1903 it u000 u ita u 040 $aSeMil$bita 100 1 $aGiobbio, Adolfo,$c.$0(OLS)http://semarc/name/12859 245 10$aDisposizioni sull'ordinamento della famiglia :$bosservazioni ed appunti alla Relazione che accompagna il disegno di legge presentato dal Presidente del Consiglio (Zanardelli) e dal MInistro di Grazia e Giustizia e dei Culti (Cocco-Ortu) /$cMgr Adolfo prof. Giobbio. 260 $aRoma :$bFederico Pustet,$c1903. 300 $a30 p. ;$c20 cm. 650 4$aFamiglia - Giurisprudenza.$0(OLS)http://semarc/subject/13573 850 $aSeMil 852 $aSeMil$W1$xVenegono$y1$m5C IV 2/6$j245355$B247814$CSeMilBibl$Z2$F247814 $81 996 $6245$aDisposizioni sull'ordinamento della famiglia :$bosservazioni ed appunti alla Relazione che accompagna il disegno di legge presentato dal Presidente del Consiglio (Zanardelli) e dal MInistro di Grazia e Giustizia e dei Culti (Cocco-Ortu)$9(OLS)http://semarc/title/140222 996 $6260$aRoma :$bFederico Pustet$9(OLS)http://semarc/publisher/32963 LEADER 00798nam a2200181 i 4500 001 000000037585 003 CaOOAMICUS 005 19931231000000.0 008 931231n it u000 u ita u 013 $a7892 040 $aSeMil$bita 110 0 $aTouring Club Italiano.$0(OLS)http://semarc/name/2273 245 10$aLondra e dintorni. Milano :$bTouring Club Italiano, 1968. 200 p. : c. geogr. ; 23 cm. (Guida d'Europa). 650 4$aLondra - Guide.$0(OLS)http://semarc/subject/7316 850 $aSeMil 852 $aSeMil$W1$xVenegono$y1$m4Y IV 64$j3740$B3740$CSeMilBibl$Z2$F3740 $81 961 $aOmaggio: Biblioteca Seminario Seveso (fino al 1985) 996 $6245$aLondra e dintorni. Milano :$bTouring Club Italiano, 1968. 200 p. : c. geogr. ; 23 cm. (Guida d'Europa).$9(OLS)http://semarc/title/52695